000 00809nam a2200313Ia 4500
008 170711s9999 xx 000 0 und d
020 _a9780330454094
050 _a502
050 _bM978 2008
100 _aMurphy, Glenn
245 _aHow loud can you burp? /
245 _cby Glenn Murphy and Mike Phillips.
260 _aLondon :
260 _bMacmillan,
260 _c2008
300 _a279 pages :
300 _billustrations ;
300 _c19cm.
440 _aScience museum.
500 _aIncludes appendix and index.
650 _aHuman body --
650 _aScience --
650 _aTechnology --
650 _xMiscellanea -- Juvenile literature.
650 _xMiscellanea -- Juvenile literature.
650 _xMiscellanea.
700 _aSeries.
700 _aTitle.
999 _c339698
_d339698